=LDR 00000nam 2200000 4500 =001 INLIS000000000034362 =005 20130612140254 =008 ***********************************Ind** =035 ##$$0010-061300000034362 =041 ##$$a Ind =082 ##$$a 516 =090 ##$$a 516, Van g =100 ##$$a Vancleave, Janice Pratt =245 ##$$a Gembira Bermain Dengan Geometri, Janice Vancleave ; Penerjemah, Dadi Pakar =260 ##$$a 1996 $b Jakarta =300 ##$$a viii,143 hlm, ilus, 25 cm =650 ##$$a Geometri =700 ##$$a Pakar, Dadi =850 ##$$a NBPNMAT